00403nam a2200133Ia 4500020001800000082001700018245006200035260003100097300001000128650003200138650003200170650002400202710004300226 a92-825-5780-4 a338.94 ACT-; 0aReport on the activities of the European communities 1985 aBrusselsbLuxembourgc1986 a400p. aEuropean economic community aEuropean communities - 1985 aEuropean federation aActivities of the European communities